Contabilidad gerencial (Registro nro. 1381)

Detalles MARC
000 -LEADER
fixed length control field 01061 a2200217 4500
001 - CONTROL NUMBER
control field 25431
005 - DATE AND TIME OF LATEST TRANSACTION
control field 20260407155538.0
008 - FIXED-LENGTH DATA ELEMENTS--GENERAL INFORMATION
fixed length control field 260407a1982 arg spa d
003 - CONTROL NUMBER IDENTIFIER
control field AR-UNSa-BCEJYS
040 ## - CATALOGING SOURCE
Original cataloging agency AR-UNSa-BCEJYS
Language of cataloging spa
Transcribing agency AR-UNSa-BCEJYS
080 ## - UNIVERSAL DECIMAL CLASSIFICATION NUMBER
Universal Decimal Classification number 657.05
Common auxiliary subdivision Contabilidad de gestión (Contabilidad gerencial, control de gestión...)
100 1# - MAIN ENTRY--PERSONAL NAME
Personal name Anthony, Robert N.
245 10 - TITLE STATEMENT
Title Contabilidad gerencial
250 ## - EDITION STATEMENT
Edition statement 4a. ed
264 #1 - PRODUCTION, PUBLICATION, DISTRIBUTION, MANUFACTURE, AND COPYRIGHT NOTICE
Place of production, publication, distribution, manufacture Buenos Aires :
Name of producer, publisher, distributor, manufacturer El Ateneo
Date of production, publication, distribution, manufacture, or copyright notice 1982
300 ## - PHYSICAL DESCRIPTION
Extent 104 p.
Dimensions 26 cm.
505 ## - FORMATTED CONTENTS NOTE
Formatted contents note 1. Introducción - 2. Análisis de estados contables - 3. Estado de cambios en la posición financiera - 4. Contabilidad de costos - 5. Control gerencial - 6. Características del costo - 7. Presupuestación - 8. Problemas de selección de alternativas - 9. Problemas de selección de alternativas - 10. Planeamiento de compras de bienes de capital.
590 ## - LOCAL NOTE (RLIN)
Local note niveau_biblio:m niveau_hierar:0
856 41 - ELECTRONIC LOCATION AND ACCESS
Uniform Resource Identifier <a href="https://biblioeco.unsa.edu.ar/pmb/images/libros/Contabilidad Gerencial.jpg">https://biblioeco.unsa.edu.ar/pmb/images/libros/Contabilidad Gerencial.jpg</a>
Link text Imagen de portada
Electronic format type image/jpeg
942 ## - ADDED ENTRY ELEMENTS (KOHA)
Koha item type
Existencias
Withdrawn status Lost status Damaged status Not for loan Home library Current library Shelving location Date acquired Total checkouts Full call number Barcode Date last seen Price effective from Koha item type
        Biblioteca Prof. Eusebio Cleto del Rey Biblioteca Prof. Eusebio Cleto del Rey   07/04/2026   657.05 A628 4ed. L65041 07/04/2026 07/04/2026 Libro